000 00568nam a2200229Ia 4500
003 OSt
005 20220923230539.0
006 a|||||r|||| 00| 0
007 ta
008 Pun
024 _a283,074
037 _cTextual
040 _aARTS
_cARTS
_bPun
041 _2Pun
_aPun
082 _aO153,3NAJx, M7
100 _aਪਿਆਸਾ, ਅਜੀਤ
245 0 _aFਨਾ॥ਤ
260 _c1987
650 _aਪੰਜਾਬੀ ਸਾਹਿਤ
942 _hO153,3NAJx, M7
_cTEXL
_2CC
999 _c385617
_d385617